[Event "Figueira da Foz op 11th"]
[Site "Figueira da Foz"]
[Date "2017.11.04"]
[Round "8"]
[White "Pipiras, Filipa Fortuna"]
[Black "Saraiva, Rafael Morais"]
[Result "1/2-1/2"]
[WhiteElo "1568"]
[BlackElo "1906"]
[PlyCount "81"]
[EventDate "2017.10.29"]
[EventType "swiss"]
[EventRounds "9"]
[EventCountry "POR"]
[SourceTitle "CBM 181 Extra"]
[Source "ChessBase"]
[SourceDate "2017.12.12"]
[SourceVersion "1"]
[SourceVersionDate "2017.12.12"]
[SourceQuality "1"]

1. d4 f5 2. Nc3 Nf6 3. Bg5 d5 4. Bxf6 exf6 5. e3 Be6 6. Bd3 Nc6 7. Nf3 Qd7 8. a3 a6 9. 0-0 g5 10. b4 Nd8 11. Nd2 h5 12. Ne2 h4 13. c4 h3 14. g3 dxc4 15. Bxc4 Bxc4 16. Nxc4 Qd5 17. f3 Qxc4 18. Rc1 Qf7 19. Qd3 Bd6 20. Qxf5 Qe6 21. Qd3 Nf7 22. Nc3 0-0-0 23. b5 axb5 24. Nxb5 Kd7 25. d5 Qe7 26. Nd4 Ra8 27. Qf5+ Ke8 28. Ne6 Nd8 29. Rc4 Nxe6 30. Re4 Nc5 31. Rxe7+ Kxe7 32. f4 gxf4 33. exf4 Rxa3 34. Re1+ Kf7 35. Qg4 Ra2 36. f5 Be5 37. Qg6+ Kf8 38. Rxe5 fxe5 39. Qf6+ Kg8 40. Qg6+ Kf8 41. Qf6+ 1/2-1/2

[Event "POR-ch U16"]
[Site "Luso"]
[Date "2016.07.24"]
[Round "7"]
[White "Saraiva, Rafael Morais"]
[Black "Martins, Jose Manuel Oliveir"]
[Result "1-0"]
[WhiteElo "1721"]
[BlackElo "1478"]
[PlyCount "75"]
[EventDate "2016.07.20"]
[EventType "swiss"]
[EventRounds "7"]
[EventCountry "POR"]
[SourceTitle "EXT 2018"]
[Source "ChessBase"]
[SourceDate "2017.10.13"]
[SourceVersion "1"]
[SourceVersionDate "2017.10.13"]
[SourceQuality "1"]

1. Nf3 e6 2. g3 b6 3. Bg2 Bb7 4. 0-0 f5 5. d4 Nf6 6. c4 Bd6 7. Nc3 0-0 8. Nb5 Be7 9. Bf4 d6 10. Qb3 h6 11. Qe3 Ne4 12. h4 Nd7 13. Nc3 Rb8 14. Qc1 Ndf6 15. Bxh6 gxh6 16. Qxh6 Kf7 17. Ng5+ Nxg5 18. hxg5 Ng8 19. Qh5+ Kg7 20. Bxb7 Rxb7 21. f4 Qe8 22. Qf3 Qc8 23. Kf2 Rf7 24. Rh1 Kf8 25. Rh8 c6 26. Rah1 Bd8 27. d5 cxd5 28. cxd5 e5 29. Qh5 Rg7 30. Qh6 Qc5+ 31. Kg2 exf4 32. gxf4 Qc7 33. Qe6 Qe7 34. Qxf5+ Qf7 35. Qxf7+ Kxf7 36. Kg3 Kg6 37. Kg4 Rbf7 38. R8h6+ 1-0

[Event "POR-ch U16"]
[Site "Luso"]
[Date "2016.07.22"]
[Round "4"]
[White "Saraiva, Rafael Morais"]
[Black "Antunes, Ricardo Miguel Mais"]
[Result "1-0"]
[WhiteElo "1721"]
[BlackElo "1548"]
[PlyCount "137"]
[EventDate "2016.07.20"]
[EventType "swiss"]
[EventRounds "7"]
[EventCountry "POR"]
[SourceTitle "EXT 2018"]
[Source "ChessBase"]
[SourceDate "2017.10.13"]
[SourceVersion "1"]
[SourceVersionDate "2017.10.13"]
[SourceQuality "1"]

1. e4 c5 2. d3 e6 3. g3 d5 4. Nd2 Nc6 5. Bg2 Nf6 6. Ngf3 Be7 7. 0-0 0-0 8. Re1 Re8 9. c3 d4 10. Qc2 e5 11. a4 Bd6 12. Nc4 Be6 13. Bg5 Bxc4 14. dxc4 h6 15. Bd2 a5 16. Rad1 Qc7 17. Nh4 Nh7 18. Nf5 Ne7 19. Nxd6 Qxd6 20. f4 f6 21. Qb3 Kh8 22. cxd4 cxd4 23. Qb5 Qc6 24. Bh3 Nf8 25. fxe5 fxe5 26. Qxe5 Qxc4 27. Bxh6 Nf5 28. Qxf5 gxh6 29. Qf6+ Kg8 30. Qxd4 Qxd4+ 31. Rxd4 Re7 32. Bf5 Ne6 33. Bxe6+ Rxe6 34. Kf2 Rf8+ 35. Ke3 Ref6 36. Re2 Rf3+ 37. Kd2 Rb3 38. Kc2 Rbf3 39. e5 Re8 40. Rd7 Rf7 41. Rxf7 Kxf7 42. Kc3 Rc8+ 43. Kd4 Ke6 44. Rf2 Rd8+ 45. Ke4 h5 46. Rf6+ Ke7 47. Rb6 Rd2 48. Rxb7+ Ke6 49. Rb6+ Ke7 50. h3 Re2+ 51. Kf5 Rf2+ 52. Kg5 Rf3 53. Kh4 Re3 54. g4 hxg4 55. hxg4 Rxe5 56. Rb5 Re2 57. Kg5 Kf7 58. b3 Re3 59. Rb7+ Ke6 60. Kg6 Rg3 61. g5 Rg1 62. Kh6 Rh1+ 63. Kg7 Rg1 64. g6 Rg2 65. Kh7 Rh2+ 66. Kg8 Rg2 67. g7 Rg3 68. Rb6+ Kd5 69. Kf7 1-0

[Event "Gaia Profigaia op 9th"]
[Site "Vila Nova de Gaia"]
[Date "2016.06.28"]
[Round "7"]
[White "Veiga, Jose Francisco RP"]
[Black "Saraiva, Rafael Morais"]
[Result "1-0"]
[WhiteElo "1969"]
[BlackElo "1707"]
[PlyCount "41"]
[EventDate "2016.06.24"]
[EventType "swiss"]
[EventRounds "7"]
[EventCountry "POR"]
[SourceTitle "EXT 2018"]
[Source "ChessBase"]
[SourceDate "2017.10.13"]
[SourceVersion "1"]
[SourceVersionDate "2017.10.13"]
[SourceQuality "1"]

1. e4 d5 2. exd5 Qxd5 3. d4 Nf6 4. Nc3 Qd6 5. Nf3 a6 6. g3 b5 7. Bg2 Bb7 8. 0-0 e6 9. Bf4 Qb6 10. a4 c5 11. axb5 axb5 12. Qe2 Ba6 13. Ne5 Ra7 14. Rxa6 Rxa6 15. Nxb5 Ra2 16. Nc4 Qd8 17. Nc7+ Kd7 18. Nb6+ Ke7 19. Bd6+ Kxd6 20. Qe5+ Ke7 21. Qxc5+ 1-0

[Event "Coimbra Queima das Fitas op"]
[Site "Coimbra"]
[Date "2016.04.23"]
[Round "2"]
[White "Morais, Vitor Mestre"]
[Black "Saraiva, Rafael Morais"]
[Result "1/2-1/2"]
[WhiteElo "1971"]
[BlackElo "1720"]
[PlyCount "90"]
[EventDate "2016.04.22"]
[EventType "swiss"]
[EventRounds "7"]
[EventCountry "POR"]
[SourceTitle "EXT 2018"]
[Source "ChessBase"]
[SourceDate "2017.10.13"]
[SourceVersion "1"]
[SourceVersionDate "2017.10.13"]
[SourceQuality "1"]

1. b3 e5 2. Bb2 Nc6 3. e3 d5 4. Bb5 Bd6 5. f4 Qh4+ 6. g3 Qe7 7. Nf3 f6 8. Qe2 g6 9. Bxc6+ bxc6 10. Nc3 Nh6 11. 0-0-0 e4 12. Nh4 Bg4 13. Qg2 Bxd1 14. Nxd1 Ba3 15. g4 Bxb2+ 16. Nxb2 g5 17. fxg5 fxg5 18. Nf5 Nxf5 19. gxf5 0-0-0 20. Rg1 Rhf8 21. Rf1 Rf6 22. Qxg5 Rdf8 23. d4 Qd7 24. Na4 Rxf5 25. Rxf5 Qxf5 26. Qg7 Qf6 27. Qg4+ Qf5 28. Qg7 Rd8 29. Nc5 Qh3 30. Kb2 Qxh2 31. Ne6 Qd6 32. Nxd8 Qxd8 33. Qxh7 Qg5 34. Qh3+ Kb7 35. a4 Qg1 36. Qh6 Qe1 37. Qg5 Qf2 38. Qh6 Qg3 39. Kb1 Qd6 40. Qxd6 cxd6 41. Kb2 c5 42. c3 Kc6 43. Ka3 Kb6 44. b4 Kc6 45. Kb3 Kb6 1/2-1/2

[Event "POR-ch U16"]
[Site "Luso"]
[Date "2015.07.25"]
[Round "6"]
[White "Saraiva, Rafael Morais"]
[Black "Arruda, Daniela Sofia Perei"]
[Result "1/2-1/2"]
[WhiteElo "1617"]
[BlackElo "1516"]
[PlyCount "48"]
[EventDate "2015.07.22"]
[EventType "swiss"]
[EventRounds "7"]
[EventCountry "POR"]
[SourceTitle "EXT 2018"]
[Source "ChessBase"]
[SourceDate "2017.10.13"]
[SourceVersion "1"]
[SourceVersionDate "2017.10.13"]
[SourceQuality "1"]

1. Nf3 e6 2. g3 d5 3. Bg2 Nf6 4. 0-0 c5 5. d3 Nc6 6. Nbd2 Bd6 7. e4 dxe4 8. dxe4 0-0 9. Re1 Be7 10. c3 b6 11. Qc2 Bb7 12. a4 Qc7 13. Nc4 Rad8 14. Bf4 Qc8 15. Rad1 Rxd1 16. Rxd1 Rd8 17. Nd6 Bxd6 18. Rxd6 Rxd6 19. Bxd6 Qd7 20. Bf4 h6 21. h3 Ba6 22. Bf1 Bxf1 23. Kxf1 g5 24. Bc1 Qd6 1/2-1/2

[Event "Coimbra Queima das Fitas op"]
[Site "Coimbra"]
[Date "2015.05.02"]
[Round "5"]
[White "Negrao, Alberto Rodolfo AS"]
[Black "Saraiva, Rafael Morais"]
[Result "1-0"]
[WhiteElo "1933"]
[BlackElo "1621"]
[PlyCount "39"]
[EventDate "2015.04.30"]
[EventType "swiss"]
[EventRounds "7"]
[EventCountry "POR"]
[SourceTitle "EXT 2018"]
[Source "ChessBase"]
[SourceDate "2017.10.13"]
[SourceVersion "1"]
[SourceVersionDate "2017.10.13"]
[SourceQuality "1"]

1. e4 d5 2. exd5 Qxd5 3. Nc3 Qd6 4. d4 Nf6 5. Nf3 Bg4 6. Be2 a6 7. Be3 e6 8. Qd2 Nc6 9. 0-0 0-0-0 10. Rad1 h6 11. a3 g5 12. b4 Bf5 13. b5 axb5 14. Nxb5 Qd7 15. c4 Ng4 16. Qb2 Bg7 17. Qb3 Be4 18. Qa4 Qe7 19. Ne5 Nxe3 20. Qa8+ 1-0

[Event "Lisbon Christmas op"]
[Site "Lisbon"]
[Date "2014.12.30"]
[Round "9"]
[White "Moraes, Antonio Jose Olivei"]
[Black "Saraiva, Rafael Morais"]
[Result "0-1"]
[WhiteElo "1272"]
[BlackElo "1641"]
[PlyCount "124"]
[EventDate "2014.12.26"]
[EventType "swiss"]
[EventRounds "9"]
[EventCountry "POR"]
[SourceTitle "EXT 2018"]
[Source "ChessBase"]
[SourceDate "2017.10.13"]
[SourceVersion "1"]
[SourceVersionDate "2017.10.13"]
[SourceQuality "1"]

1. e4 d5 2. exd5 Qxd5 3. Nc3 Qd6 4. Nf3 Bg4 5. Be2 Nf6 6. d4 a6 7. 0-0 Nc6 8. d5 Nb4 9. h3 Bh5 10. Nh2 Bxe2 11. Nxe2 Qxd5 12. Be3 0-0-0 13. Qxd5 Nbxd5 14. Bd2 e6 15. a3 Ne4 16. Nf3 Nxd2 17. Nxd2 Nf4 18. Nxf4 Rxd2 19. Rac1 g6 20. b4 Bh6 21. Nd3 Rxd3 22. cxd3 Bxc1 23. Rxc1 Rd8 24. Rc3 c6 25. f3 Kc7 26. Kf2 Kb6 27. Ke3 Rd5 28. g4 a5 29. d4 axb4 30. axb4 Kb5 31. Ra3 Kxb4 32. Ra7 Rd7 33. Ke4 Kc4 34. Ke5 Kd3 35. Ra3+ Kc4 36. Ra7 c5 37. dxc5 Kxc5 38. h4 Kc6 39. f4 b5 40. Ra1 b4 41. Rb1 Kb5 42. Rb2 Kc4 43. Rc2+ Kd3 44. Rb2 Kc3 45. Ra2 b3 46. Ra3 Kc2 47. Ra6 Rc7 48. Kd6 b2 49. Rb6 Rc4 50. Ke7 b1Q 51. Rxb1 Kxb1 52. Kxf7 Rxf4+ 53. Kxe6 Rxg4 54. h5 gxh5 55. Kf5 Ra4 56. Kf6 h4 57. Kg7 h3 58. Kxh7 Ra6 59. Kg7 h2 60. Kf7 h1Q 61. Kg7 Qb7+ 62. Kf8 Ra8# 0-1

[Event "Gaia Profigaia op 7th"]
[Site "Vila Nova de Gaia"]
[Date "2014.07.04"]
[Round "9"]
[White "Saraiva, Rafael Morais"]
[Black "Ribeiro, Orlando Camilo Duar"]
[Result "1/2-1/2"]
[WhiteElo "1603"]
[BlackElo "1219"]
[PlyCount "92"]
[EventDate "2014.06.28"]
[EventType "swiss"]
[EventRounds "9"]
[EventCountry "POR"]
[SourceTitle "CBM 161 Extra"]
[Source "ChessBase"]
[SourceDate "2014.08.29"]
[SourceVersion "1"]
[SourceVersionDate "2014.08.29"]
[SourceQuality "1"]

1. Nf3 d5 2. g3 Nc6 3. Bg2 e5 4. d3 Nf6 5. 0-0 Bc5 6. Nbd2 0-0 7. e4 dxe4 8. dxe4 h6 9. Qe2 Re8 10. c3 Bg4 11. h3 Bh5 12. g4 Bg6 13. b4 Bb6 14. Bb2 a6 15. Rad1 Qe7 16. Nh4 Bh7 17. Nf5 Bxf5 18. gxf5 Nd7 19. Nc4 Ba7 20. Ne3 Nf6 21. Kh2 Rad8 22. a4 Rxd1 23. Rxd1 Rd8 24. Nd5 Nxd5 25. exd5 Nb8 26. f4 Re8 27. Re1 f6 28. Qc4 Kf8 29. fxe5 fxe5 30. Bc1 Qd6 31. Kh1 Bf2 32. Rf1 Bb6 33. f6 gxf6 34. Bxh6+ Ke7 35. Bg7 Nd7 36. Qh4 Be3 37. Qh7 Kd8 38. h4 Bf4 39. Bh6 Bxh6 40. Qxh6 b6 41. Qg6 Rf8 42. h5 f5 43. Rxf5 Qxg6 44. Rxf8+ Nxf8 45. hxg6 Nxg6 46. c4 Kd7 1/2-1/2

[Event "Gaia Profigaia op 7th"]
[Site "Vila Nova de Gaia"]
[Date "2014.07.03"]
[Round "8"]
[White "Sa, Luis Afonso"]
[Black "Saraiva, Rafael Morais"]
[Result "1-0"]
[WhiteElo "1474"]
[BlackElo "1603"]
[PlyCount "133"]
[EventDate "2014.06.28"]
[EventType "swiss"]
[EventRounds "9"]
[EventCountry "POR"]
[SourceTitle "CBM 161 Extra"]
[Source "ChessBase"]
[SourceDate "2014.08.29"]
[SourceVersion "1"]
[SourceVersionDate "2014.08.29"]
[SourceQuality "1"]

1. e3 Nf6 2. Nf3 g6 3. d4 d5 4. c4 Bg7 5. Nc3 0-0 6. Be2 c6 7. 0-0 Nbd7 8. Re1 Re8 9. Bf1 dxc4 10. Bxc4 Nb6 11. Ne5 Nxc4 12. Nxc4 Be6 13. Nd2 Qc7 14. h3 Rad8 15. Nb3 b6 16. Qc2 Qb7 17. Ne2 Bf5 18. Qd1 c5 19. Ng3 Be6 20. Ne2 Bd5 21. f3 Bxf3 22. gxf3 Qxf3 23. Nf4 Qg3+ 24. Kf1 Ne4 25. Qe2 g5 26. Qg2 gxf4 27. Qxe4 Qxh3+ 28. Qg2 Qxg2+ 29. Kxg2 fxe3 30. dxc5 bxc5 31. Nxc5 Rc8 32. Nd3 Red8 33. Rxe3 Rc2+ 34. Kh3 e6 35. Rb1 e5 36. Rg3 e4 37. Ne1 Rc6 38. Be3 a6 39. Rc1 Rxc1 40. Bxc1 Kh8 41. Nc2 Rc8 42. Rg2 Rd8 43. b3 f5 44. Bf4 h6 45. Kh2 Re8 46. Ne3 Be5 47. Bxe5+ Rxe5 48. Kg3 Kg7 49. Kf4+ Kf6 50. Rh2 Ra5 51. Rxh6+ Kg7 52. Nxf5+ Kf7 53. Nd6+ Kg7 54. Rh2 Kf8 55. Kxe4 Ke7 56. Nc4 Rg5 57. Rh6 a5 58. Ra6 a4 59. Rxa4 Kd7 60. Kf4 Rh5 61. Rb4 Kc6 62. a4 Rh1 63. Ne5+ Kd6 64. Rb6+ Kc5 65. a5 Rf1+ 66. Kg3 Rf5 67. b4+ 1-0

[Event "Coimbra op"]
[Site "Coimbra"]
[Date "2014.04.27"]
[Round "7"]
[White "Saraiva, Rafael Morais"]
[Black "Bray, Jose Manuel"]
[Result "1/2-1/2"]
[WhiteElo "1610"]
[BlackElo "1906"]
[PlyCount "57"]
[EventDate "2014.04.25"]
[EventType "swiss"]
[EventRounds "7"]
[EventCountry "POR"]
[SourceTitle "CBM 160 Extra"]
[Source "ChessBase"]
[SourceDate "2014.07.01"]
[SourceVersion "1"]
[SourceVersionDate "2014.07.01"]
[SourceQuality "1"]

1. g3 d5 2. d4 e6 3. Bg2 Nf6 4. Nf3 c5 5. e3 Nc6 6. 0-0 b6 7. c3 Bd7 8. a3 Bd6 9. b4 0-0 10. Nbd2 Rc8 11. Bb2 Re8 12. Rc1 Qc7 13. Re1 Ne7 14. Qb3 Ng6 15. a4 a6 16. Bf1 c4 17. Qd1 e5 18. Qc2 e4 19. Ng5 Bg4 20. Nh3 Qd7 21. Nf4 Nxf4 22. exf4 Bh5 23. Bg2 Re7 24. Nf1 Rce8 25. Ne3 Bc7 26. Ba3 b5 27. a5 Ng4 28. Rb1 Nxe3 29. fxe3 1/2-1/2

[Event "Coimbra op"]
[Site "Coimbra"]
[Date "2014.04.25"]
[Round "2"]
[White "Saraiva, Rafael Morais"]
[Black "Cruz, Jorge Filipe Egas"]
[Result "0-1"]
[WhiteElo "1610"]
[BlackElo "1976"]
[PlyCount "58"]
[EventDate "2014.04.25"]
[EventType "swiss"]
[EventRounds "7"]
[EventCountry "POR"]
[SourceTitle "CBM 160 Extra"]
[Source "ChessBase"]
[SourceDate "2014.07.01"]
[SourceVersion "1"]
[SourceVersionDate "2014.07.01"]
[SourceQuality "1"]

1. g3 d5 2. d4 Nf6 3. Bg2 e6 4. Nf3 Be7 5. c3 Nbd7 6. 0-0 0-0 7. Nbd2 b6 8. c4 Bb7 9. a3 c5 10. Re1 Qc7 11. cxd5 Bxd5 12. Nf1 Rfd8 13. Qc2 Qb7 14. dxc5 Nxc5 15. Bf4 Be4 16. Qc3 Nd5 17. Qe5 Bf6 18. Qh5 Bxb2 19. Ra2 Nxf4 20. gxf4 Bf6 21. N1d2 Bg6 22. Qh3 Qd5 23. Nc4 Qxc4 24. Rd2 Bf5 25. Qh5 Qxf4 26. Rxd8+ Rxd8 27. e3 Qg4 28. Qxg4 Bxg4 29. h3 Bxf3 0-1

[Event "St Joao da Madeira op 10th"]
[Site "Sao Joao da Madeira"]
[Date "2013.10.13"]
[Round "7.11"]
[White "Cavaleiro, Daniel Felipe Costa"]
[Black "Saraiva, Rafael Morais"]
[Result "0-1"]
[WhiteElo "1913"]
[BlackElo "1584"]
[PlyCount "102"]
[EventDate "2013.10.05"]
[EventType "swiss"]
[EventRounds "7"]
[EventCountry "POR"]
[SourceTitle "EXT 2015"]
[Source "ChessBase"]
[SourceDate "2014.11.20"]
[SourceVersion "1"]
[SourceVersionDate "2014.11.20"]
[SourceQuality "1"]

1. d4 Nf6 2. c4 g6 3. Nc3 d5 4. Nf3 Bg7 5. e3 c6 6. c5 0-0 7. Bd3 Nbd7 8. b4 a6 9. Bb2 Re8 10. 0-0 e5 11. dxe5 Nxe5 12. Nxe5 Rxe5 13. Ne2 Re8 14. Nd4 Bg4 15. Qc2 Qc7 16. h3 Bd7 17. Rfc1 Ne4 18. a4 Bh6 19. Bxe4 Rxe4 20. Nf3 Bg7 21. Nd4 Qc8 22. Ra3 Bxh3 23. gxh3 Qxh3 24. f3 Bxd4 25. exd4 Qg3+ 26. Kf1 Qh3+ 27. Qg2 Qxg2+ 28. Kxg2 Re2+ 29. Kg3 Rxb2 30. Rcc3 Rxb4 31. Rcb3 a5 32. f4 Ra7 33. Rd3 h5 34. Kh4 Kg7 35. Ra1 Rb2 36. f5 Rf2 37. fxg6 fxg6 38. Re1 Kh6 39. Re5 Rg2 40. Kh3 Rg1 41. Rf3 Ra8 42. Rf7 Rb8 43. Ree7 Rd1 44. Rf4 Ra1 45. Rff7 Rxa4 46. Rh7+ Kg5 47. Re5+ Kf6 48. Rhe7 Rxd4 49. R5e6+ Kf5 50. Re5+ Kf4 51. Kh4 Re4 0-1

[Event "St Joao da Madeira op 10th"]
[Site "Sao Joao da Madeira"]
[Date "2013.10.12"]
[Round "6.17"]
[White "Saraiva, Rafael Morais"]
[Black "Mendes, Pedro Miguel Gomes"]
[Result "1-0"]
[WhiteElo "1584"]
[BlackElo "1730"]
[PlyCount "63"]
[EventDate "2013.10.05"]
[EventType "swiss"]
[EventRounds "7"]
[EventCountry "POR"]
[SourceTitle "EXT 2015"]
[Source "ChessBase"]
[SourceDate "2014.11.20"]
[SourceVersion "1"]
[SourceVersionDate "2014.11.20"]
[SourceQuality "1"]

1. e4 c5 2. Nf3 Nc6 3. c3 Nf6 4. Qc2 e5 5. Bc4 Be7 6. 0-0 0-0 7. Rd1 d5 8. exd5 Nxd5 9. h3 Be6 10. Na3 Qc8 11. Kh2 Bd6 12. Ng5 Bf5 13. Ne4 Nf4 14. d3 Bb8 15. Bxf4 exf4 16. f3 Ne5 17. Qf2 Bxe4 18. dxe4 Nxc4 19. Nxc4 b6 20. Rd5 Qc6 21. Rad1 Bc7 22. Qh4 h6 23. Nd6 Bxd6 24. Rxd6 Qb5 25. R1d2 Qa4 26. a3 f5 27. exf5 Rxf5 28. Rd8+ Rf8 29. R8d7 Rf7 30. Rxf7 Kxf7 31. Qh5+ Kg8 32. Qd5+ 1-0

[Event "St Joao da Madeira op 10th"]
[Site "Sao Joao da Madeira"]
[Date "2013.10.06"]
[Round "4.25"]
[White "Saraiva, Rafael Morais"]
[Black "Ferreira, Joana Isabel Martin"]
[Result "1-0"]
[WhiteElo "1584"]
[BlackElo "1225"]
[PlyCount "47"]
[EventDate "2013.10.05"]
[EventType "swiss"]
[EventRounds "7"]
[EventCountry "POR"]
[SourceTitle "EXT 2015"]
[Source "ChessBase"]
[SourceDate "2014.11.20"]
[SourceVersion "1"]
[SourceVersionDate "2014.11.20"]
[SourceQuality "1"]

1. e4 e5 2. Nf3 Nf6 3. Nc3 Nc6 4. Bb5 d6 5. h3 Bd7 6. d3 Be7 7. 0-0 0-0 8. Be3 a6 9. Ba4 b5 10. Bb3 Qc8 11. Kh2 Re8 12. Ng5 Rf8 13. Nd5 Nxd5 14. Bxd5 Rb8 15. Qh5 Bxg5 16. Bxg5 Nd4 17. Be7 g6 18. Qh6 Ne6 19. Bf6 Qd8 20. Bxd8 Rfxd8 21. Bxe6 Bxe6 22. f4 c6 23. f5 Bd7 24. f6 1-0

[Event "POR-chT3 final"]
[Site "Matosinhos"]
[Date "2013.08.25"]
[Round "3.1"]
[White "Lavrador, Rodolfo Manuel"]
[Black "Saraiva, Rafael Morais"]
[Result "1-0"]
[WhiteElo "1991"]
[BlackElo "1558"]
[PlyCount "65"]
[EventDate "2013.08.23"]
[EventType "team-swiss"]
[EventRounds "3"]
[EventCountry "POR"]
[SourceTitle "EXT 2015"]
[Source "ChessBase"]
[SourceDate "2014.11.20"]
[SourceVersion "1"]
[SourceVersionDate "2014.11.20"]
[SourceQuality "1"]
[WhiteTeam "Benfica"]
[BlackTeam "Colegio Portugues"]
[WhiteTeamCountry "POR"]
[BlackTeamCountry "POR"]

1. e4 d5 2. exd5 Qxd5 3. Nc3 Qd8 4. Nf3 Bg4 5. Be2 Nf6 6. d3 c6 7. 0-0 Qc7 8. Re1 e6 9. Bd2 Nbd7 10. h3 Bh5 11. Ng5 Bg6 12. Bf3 0-0-0 13. a4 h6 14. Nge4 Nxe4 15. Bxe4 Bxe4 16. Nxe4 Nf6 17. Qf3 Nxe4 18. Rxe4 Bd6 19. b4 Be5 20. Rb1 Rd4 21. Rxd4 Bxd4 22. c3 Bf6 23. b5 Kd7 24. Bf4 e5 25. Bg3 c5 26. d4 cxd4 27. cxd4 Qc2 28. Qxb7+ Ke6 29. Re1 Qxa4 30. Bxe5 Qb4 31. Re3 Qb1+ 32. Kh2 Kf5 33. Qxf7 1-0

[Event "POR-ch U14"]
[Site "Braga"]
[Date "2013.08.06"]
[Round "6.12"]
[White "Saraiva, Rafael Morais"]
[Black "Stoffel, Joao Ruivo"]
[Result "1-0"]
[WhiteElo "1558"]
[BlackElo "1261"]
[PlyCount "120"]
[EventDate "2013.08.02"]
[EventType "swiss"]
[EventRounds "7"]
[EventCountry "POR"]
[SourceTitle "EXT 2015"]
[Source "ChessBase"]
[SourceDate "2014.11.20"]
[SourceVersion "1"]
[SourceVersionDate "2014.11.20"]
[SourceQuality "1"]

1. e4 e5 2. Nf3 Nc6 3. Bb5 Bc5 4. 0-0 Nge7 5. d3 0-0 6. Nc3 Nd4 7. Nxe5 c6 8. Ba4 d6 9. Ng4 b5 10. Bb3 Bxg4 11. Qxg4 a5 12. a4 Nxb3 13. cxb3 b4 14. Ne2 Re8 15. Ng3 Bd4 16. Rb1 Ng6 17. Nf5 Bf6 18. f4 Kh8 19. Be3 Qc8 20. h3 Qe6 21. Bd4 Rg8 22. Bxf6 Qxf6 23. Qg5 Qxg5 24. fxg5 Rgd8 25. d4 c5 26. d5 Ne5 27. Ne3 Kg8 28. Nc4 Nxc4 29. bxc4 Re8 30. Rf4 b3 31. Rbf1 Re7 32. R1f3 Rb8 33. Rc3 Rb4 34. Kh2 g6 35. Rf6 Rd7 36. e5 dxe5 37. Rc6 e4 38. Rxc5 Kf8 39. Rxa5 e3 40. Rxe3 Rxc4 41. Rxb3 Ke7 42. Rbb5 Rc2 43. Rb3 Kd8 44. Rab5 Ke7 45. Rb7 Rxb7 46. Rxb7+ Kd6 47. Rxf7 Rxb2 48. Rxh7 Ra2 49. Rh6 Rxa4 50. Rxg6+ Kxd5 51. Rf6 Ke5 52. Rf8 Ra6 53. h4 Rg6 54. Kh3 Ke6 55. g3 Ke7 56. Rf4 Rg7 57. Kg4 Rf7 58. Kh5 Rxf4 59. gxf4 Kf7 60. Kh6 Kg8 1-0

[Event "POR-ch U14"]
[Site "Braga"]
[Date "2013.08.04"]
[Round "3.3"]
[White "Paiva, Henrique MA Alberg"]
[Black "Saraiva, Rafael Morais"]
[Result "1/2-1/2"]
[WhiteElo "1633"]
[BlackElo "1558"]
[PlyCount "52"]
[EventDate "2013.08.02"]
[EventType "swiss"]
[EventRounds "7"]
[EventCountry "POR"]
[SourceTitle "EXT 2015"]
[Source "ChessBase"]
[SourceDate "2014.11.20"]
[SourceVersion "1"]
[SourceVersionDate "2014.11.20"]
[SourceQuality "1"]

1. e4 e5 2. Nf3 Nc6 3. Bc4 Bc5 4. Nc3 Nf6 5. 0-0 0-0 6. d3 h6 7. h3 d6 8. Na4 Bb6 9. Nxb6 axb6 10. a3 Be6 11. Bxe6 fxe6 12. Nh2 Kh7 13. Ng4 Qe7 14. f4 exf4 15. Bxf4 e5 16. Bd2 Qe6 17. Rxf6 Rxf6 18. Nxf6+ Qxf6 19. c3 Qf7 20. Qf3 Qxf3 21. gxf3 Na5 22. Rf1 g5 23. Kg2 Rg8 24. Rg1 Nc6 25. Kh2 Rf8 26. Rf1 Ne7 1/2-1/2